[Event "CZE-chT1W 2425"]
[Site "Czech Republic"]
[Date "2024.12.08"]
[Round "4.8"]
[White "Movsesian, Julia"]
[Black "Jurasek, Miroslav"]
[Result "1/2-1/2"]
[WhiteElo "2216"]
[BlackElo "2269"]
[PlyCount "48"]
[EventDate "2024.10.20"]
[EventType "team-tourn"]
[EventRounds "11"]
[EventCountry "CZE"]
[SourceTitle "CB16_2025"]
[SourceDate "2025.04.16"]
[SourceVersion "1"]
[SourceVersionDate "2025.04.16"]
[SourceQuality "1"]
[WhiteTeam "Kolesovice Cesky Lev"]
[BlackTeam "Lysa nad Labem II"]
[WhiteTeamCountry "CZE"]
[BlackTeamCountry "CZE"]

1. e4 e5 2. Nf3 Nc6 3. Bc4 Nf6 4. d3 Bc5 5. Nc3 h6 6. a4 d6 7. h3 0-0 8. Be3 Nd4 9. 0-0 Be6 10. Bxe6 Nxf3+ 11. Qxf3 fxe6 12. Bxc5 Nd7 13. Qe3 Nxc5 14. Ne2 Qh4 15. b4 Nd7 16. Rab1 Rf6 17. a5 Nf8 18. f4 exf4 19. Rxf4 Rxf4 20. Nxf4 Qg5 21. Qf2 Qf6 22. Qe3 Qg5 23. Qf2 Qf6 24. Qe3 Qg5 1/2-1/2

[Event "Olympiad Women-45"]
[Site "Budapest"]
[Date "2024.09.13"]
[Round "3.22"]
[White "Movsesian, Julia"]
[Black "Antonova, Nadezhda"]
[Result "1-0"]
[WhiteElo "2198"]
[BlackElo "1967"]
[PlyCount "73"]
[EventDate "2024.09.11"]
[EventType "team-swiss"]
[EventRounds "11"]
[EventCountry "HUN"]
[SourceTitle "EXT 2025"]
[Source "ChessBase"]
[SourceDate "2024.10.14"]
[SourceVersion "1"]
[SourceVersionDate "2024.10.14"]
[SourceQuality "1"]
[WhiteTeam "Czech Republic (W)"]
[BlackTeam "Tajikistan (W)"]
[WhiteTeamCountry "CZE"]
[BlackTeamCountry "TJK"]

1. e4 c6 2. d4 d5 3. e5 Bf5 4. g4 Be4 5. f3 Bg6 6. Ne2 e6 7. h4 h5 8. Ng3 Be7 9. g5 c5 10. c3 cxd4 11. cxd4 Nc6 12. Nc3 Qb6 13. Bb5 Bb4 14. Qa4 0-0-0 15. Bxc6 bxc6 16. a3 Bxc3+ 17. bxc3 Qb5 18. Qxa7 Qb7 19. Qc5 Qb5 20. Qxb5 cxb5 21. a4 bxa4 22. Rxa4 Ne7 23. Ba3 Nc6 24. Bd6 Kd7 25. Kd2 Ra8 26. Rha1 Rxa4 27. Rxa4 Rc8 28. Ne2 Bf5 29. Nf4 f6 30. gxf6 gxf6 31. Nxh5 fxe5 32. dxe5 Nd8 33. Ra6 Nb7 34. Nf6+ Kd8 35. Ra7 Rc7 36. Bxc7+ Kxc7 37. Ne8+ 1-0

[Event "Speed Chess (Women) Play In 1"]
[Site "Chess.com INT"]
[Date "2024.08.12"]
[Round "3"]
[White "Sherali, Pattnaik"]
[Black "Movsesian, Julia"]
[Result "0-1"]
[WhiteElo "2029"]
[BlackElo "2198"]
[PlyCount "114"]
[EventDate "2024.08.12"]
[EventType "swiss (blitz)"]
[EventRounds "11"]
[EventCountry "USA"]
[SourceTitle "CBM 221 Extra"]
[Source "ChessBase"]
[SourceDate "2024.09.30"]
[SourceVersion "1"]
[SourceVersionDate "2024.09.30"]
[SourceQuality "1"]

1. e4 e5 2. Nf3 Nc6 3. d4 exd4 4. Nxd4 Nf6 5. Nxc6 bxc6 6. e5 Qe7 7. Qe2 Nd5 8. h4 d6 9. exd6 Qxe2+ 10. Bxe2 cxd6 11. 0-0 Be7 12. c4 Nf6 13. Bf3 Bd7 14. Re1 Kf8 15. Nc3 h5 16. Bg5 Re8 17. Rad1 Ng4 18. Bxg4 Bxg4 19. f3 Be6 20. Ne4 Bxc4 21. Bxe7+ Rxe7 22. Nxd6 Bd5 23. Kf2 g6 24. Rc1 Rd7 25. Ne4 Kg7 26. Nc3 Be6 27. Ne4 Bxa2 28. Rxc6 Rb8 29. Re2 Bd5 30. Rc3 Bxe4 31. fxe4 Rb4 32. g3 Rdb7 33. Rcc2 Rb3 34. e5 Re7 35. Rc6 Rb5 36. Ra6 Rexe5 37. Rxe5 Rxe5 38. Rxa7 Rb5 39. Ra2 Rb3 40. Kg2 Kf6 41. Ra6+ Ke5 42. Ra7 Rxb2+ 43. Kf3 Rb3+ 44. Kf2 Kf6 45. Ra6+ Kf5 46. Ra5+ Kg4 47. Ra4+ Kh3 48. Rf4 f5 49. Rf3 Rb2+ 50. Ke3 Rb4 51. Kf2 Kg4 52. Rc3 f4 53. Kg2 Rb2+ 54. Kf1 fxg3 55. Rc4+ Kh3 56. Rc1 Kh2 57. Re1 g2# 0-1

[Event "Pardubice rapid op 35th"]
[Site "Pardubice"]
[Date "2024.07.17"]
[Round "2"]
[White "Movsesian, Julia"]
[Black "Skoloud, Josef"]
[Result "1-0"]
[WhiteElo "2198"]
[BlackElo "1575"]
[PlyCount "69"]
[EventDate "2024.07.17"]
[EventType "swiss (rapid)"]
[EventRounds "9"]
[EventCountry "CZE"]
[SourceTitle "CBM 221 Extra"]
[Source "ChessBase"]
[SourceDate "2024.09.30"]
[SourceVersion "1"]
[SourceVersionDate "2024.09.30"]
[SourceQuality "1"]

1. e4 e5 2. Nf3 Nc6 3. Bc4 Nf6 4. d3 Bc5 5. c3 0-0 6. 0-0 d6 7. Bg5 Bg4 8. h3 Bh5 9. g4 Bg6 10. Nbd2 Re8 11. b4 Bb6 12. Bb3 a6 13. Nc4 Ba7 14. Ne3 h6 15. Bh4 Bh7 16. Nf5 Bxf5 17. gxf5 Qe7 18. Nh2 Kh7 19. Ng4 Rg8 20. Kh1 Raf8 21. Qd2 Nb8 22. Bxf6 Qxf6 23. Nxf6+ gxf6 24. Rg1 Rg5 25. h4 Rh5 26. Rg4 Rg8 27. Rag1 Rgg5 28. Bxf7 Rxh4+ 29. Rxh4 Rxg1+ 30. Kxg1 Bxf2+ 31. Kxf2 Kg7 32. Qxh6+ Kxf7 33. Qg6+ Ke7 34. Rh7+ Kf8 35. Qf7# 1-0

[Event "CZE-ch (Women)"]
[Site "Ostrava"]
[Date "2024.05.05"]
[Round "4.2"]
[White "Korenova, Martina"]
[Black "Movsesian, Julia"]
[Result "1/2-1/2"]
[WhiteElo "2148"]
[BlackElo "2276"]
[PlyCount "116"]
[EventDate "2024.04.28"]
[EventType "k.o."]
[EventRounds "4"]
[EventCountry "CZE"]
[SourceTitle "CBM 220 Extra"]
[Source "ChessBase"]
[SourceDate "2024.07.31"]
[SourceVersion "1"]
[SourceVersionDate "2024.07.31"]
[SourceQuality "1"]

1. d4 d5 2. Nf3 Nf6 3. c4 e6 4. g3 Be7 5. Bg2 0-0 6. 0-0 dxc4 7. Qc2 b5 8. a4 b4 9. Ne5 Nd5 10. Qxc4 Bb7 11. a5 Qc8 12. Nd3 c5 13. dxc5 Na6 14. e4 Nxc5 15. a6 Bxa6 16. Rxa6 Nxa6 17. Qxc8 Raxc8 18. exd5 exd5 19. Bxd5 Nc7 20. Bc4 Ne6 21. b3 Rfd8 22. Nb2 Bf6 23. Na4 Nd4 24. Nd2 Re8 25. Bb2 Ne2+ 26. Bxe2 Rxe2 27. Bxf6 Rxd2 28. Bg5 Rd3 29. Rb1 Rc2 30. Be3 a5 31. Bb6 Rdd2 32. Re1 h6 33. Re5 Rd3 34. Re3 Rd5 35. Kg2 Kh7 36. g4 h5 37. h3 hxg4 38. hxg4 Kg6 39. Kg3 f6 40. f3 Kf7 41. Kf4 g5+ 42. Ke4 Rcd2 43. f4 gxf4 44. Kxf4 Rc2 45. Rf3 Rg2 46. Nc5 Rg5 47. Ne4 R2xg4+ 48. Ke3 Re5 49. Rxf6+ Ke7 50. Rf4 Rxf4 51. Kxf4 Rxe4+ 52. Kxe4 a4 53. bxa4 Kd6 54. Kd4 Kc6 55. a5 b3 56. Kc3 Kb7 57. Kxb3 Ka8 58. a6 Kb8 1/2-1/2

[Event "EU-ch (Women) 24th"]
[Site "Rhodes"]
[Date "2024.04.22"]
[Round "4"]
[White "Kalandadze, Nino"]
[Black "Movsesian, Julia"]
[Result "0-1"]
[WhiteElo "1755"]
[BlackElo "2276"]
[PlyCount "64"]
[EventDate "2024.04.19"]
[EventType "swiss"]
[EventRounds "10"]
[EventCountry "GRE"]
[SourceTitle "CBM 219 Extra"]
[Source "ChessBase"]
[SourceDate "2024.05.31"]
[SourceVersion "1"]
[SourceVersionDate "2024.05.31"]
[SourceQuality "1"]

1. Nf3 d5 2. b3 Nf6 3. Bb2 e6 4. e3 Bd6 5. d4 0-0 6. Bd3 b6 7. 0-0 Bb7 8. Nbd2 c5 9. Ne5 Nbd7 10. f4 cxd4 11. exd4 Ne4 12. Qe2 Ndf6 13. c4 Rc8 14. Rad1 Qe7 15. f5 Rcd8 16. Bb1 exf5 17. Rxf5 Bc8 18. Nxe4 dxe4 19. Nc6 Bxh2+ 20. Kh1 Qd6 21. Rxf6 Qxf6 22. Qxe4 Qh6 23. Qxh7+ Qxh7 24. Bxh7+ Kxh7 25. Nxd8 Bd6 26. Nc6 Re8 27. Ne5 f6 28. Nd3 Bf5 29. Re1 Rxe1+ 30. Nxe1 Bb1 31. b4 Bxb4 32. a3 Bxe1 0-1

[Event "EU-ch (Women) 24th"]
[Site "Rhodes"]
[Date "2024.04.20"]
[Round "2"]
[White "Movsesian, Julia"]
[Black "Piddubna, Bozhena"]
[Result "0-1"]
[WhiteElo "2276"]
[BlackElo "2005"]
[PlyCount "56"]
[EventDate "2024.04.19"]
[EventType "swiss"]
[EventRounds "10"]
[EventCountry "GRE"]
[SourceTitle "CBM 219 Extra"]
[Source "ChessBase"]
[SourceDate "2024.05.31"]
[SourceVersion "1"]
[SourceVersionDate "2024.05.31"]
[SourceQuality "1"]

1. e4 e5 2. Nf3 Nc6 3. Bc4 Nf6 4. Ng5 d5 5. exd5 Na5 6. Bb5+ c6 7. dxc6 bxc6 8. Qf3 Be7 9. Bd3 h6 10. Ne4 Nd5 11. Ng3 0-0 12. 0-0 Nb4 13. Nf5 Bg5 14. Be4 g6 15. Ng3 f5 16. Qc3 Nd5 17. Bxd5+ cxd5 18. d4 f4 19. dxe5 fxg3 20. Qxg3 Bf5 21. Na3 Bxc1 22. Raxc1 Qb6 23. b3 Rac8 24. Qh4 Nc6 25. Rfe1 Rfe8 26. c4 Nxe5 27. cxd5 Qa5 28. f4 Rxc1 0-1

[Event "BL 2324 (Women)"]
[Site "Germany"]
[Date "2024.03.23"]
[Round "7.4"]
[White "Movsesian, Julia"]
[Black "Gressmann, Hanna"]
[Result "1-0"]
[WhiteElo "2276"]
[BlackElo "1951"]
[PlyCount "35"]
[EventDate "2023.10.14"]
[EventType "team-tourn"]
[EventRounds "11"]
[EventCountry "GER"]
[SourceTitle "CBM 220 Extra"]
[Source "ChessBase"]
[SourceDate "2024.07.31"]
[SourceVersion "1"]
[SourceVersionDate "2024.07.31"]
[SourceQuality "1"]
[WhiteTeam "Rodewisch (W)"]
[BlackTeam "Kiel Doppelbauer (W)"]
[WhiteTeamCountry "GER"]
[BlackTeamCountry "GER"]

1. e4 e5 2. Nf3 Nc6 3. d4 exd4 4. Nxd4 Bc5 5. Be3 Qf6 6. c3 Nge7 7. Bb5 0-0 8. 0-0 d6 9. Re1 Ne5 10. Be2 Qg6 11. Bh5 Qf6 12. Nd2 h6 13. f4 N5g6 14. e5 Qh4 15. Bf2 Qxf4 16. Re4 Qg5 17. h4 Nxh4 18. Bxh4 1-0

[Event "BL 2324 (Women)"]
[Site "Germany"]
[Date "2024.01.20"]
[Round "5.5"]
[White "Movsesian, Julia"]
[Black "Moncayo Romero, Evelyn"]
[Result "1-0"]
[WhiteElo "2276"]
[BlackElo "2110"]
[PlyCount "101"]
[EventDate "2023.10.14"]
[EventType "team-tourn"]
[EventRounds "11"]
[EventCountry "GER"]
[SourceTitle "CBM 220 Extra"]
[Source "ChessBase"]
[SourceDate "2024.07.31"]
[SourceVersion "1"]
[SourceVersionDate "2024.07.31"]
[SourceQuality "1"]
[WhiteTeam "Rodewisch (W)"]
[BlackTeam "Leipzig Weissblau (W)"]
[WhiteTeamCountry "GER"]
[BlackTeamCountry "GER"]

1. e4 c5 2. Nf3 d6 3. d4 cxd4 4. Nxd4 Nf6 5. Nc3 a6 6. h3 e5 7. Nf3 h6 8. Be2 Be7 9. 0-0 Be6 10. Nh2 b5 11. Ng4 Nbd7 12. a3 Rc8 13. Bf3 Nxg4 14. Bxg4 Nf6 15. Bf3 0-0 16. Be3 Qd7 17. Qd2 Rc4 18. Rfd1 Rfc8 19. Qe1 Qb7 20. Rd3 b4 21. axb4 Qxb4 22. b3 R4c6 23. Bd2 Qb7 24. Bd1 Rc5 25. Be3 R5c7 26. Bd2 Bf8 27. Rg3 Kh7 28. Qe2 Rxc3 29. Rxc3 Nxe4 30. Rxc8 Bxc8 31. c4 f5 32. Bc2 Nxd2 33. Qxd2 Be7 34. Qd5 e4 35. Qxb7 Bxb7 36. b4 Bd8 37. Rd1 Bc7 38. c5 d5 39. Bb3 Kg6 40. Bxd5 Bc8 41. Bb7 Bxb7 42. Rd7 Bc6 43. Rxc7 Bb5 44. g3 Kf6 45. h4 g5 46. h5 f4 47. Rh7 e3 48. Rxh6+ Kf5 49. fxe3 fxe3 50. Rd6 Kg4 51. h6 1-0

[Event "EU-ch Rapid (Women)"]
[Site "Monaco"]
[Date "2024.01.14"]
[Round "7"]
[White "Movsesian, Julia"]
[Black "Nicoara, Malina"]
[Result "1-0"]
[WhiteElo "2257"]
[BlackElo "2054"]
[PlyCount "75"]
[EventDate "2024.01.13"]
[EventType "swiss (rapid)"]
[EventRounds "11"]
[EventCountry "MNC"]
[SourceTitle "CBM 218 Extra"]
[Source "ChessBase"]
[SourceDate "2024.03.31"]
[SourceVersion "1"]
[SourceVersionDate "2024.03.31"]
[SourceQuality "1"]

1. e4 c5 2. Nf3 Nc6 3. Nc3 g6 4. d4 cxd4 5. Nxd4 Bg7 6. Nde2 d6 7. g3 Nf6 8. Bg2 0-0 9. 0-0 Be6 10. h3 Qc8 11. Kh2 Rd8 12. Nd5 Bxd5 13. exd5 Ne5 14. a4 a5 15. Be3 Ra6 16. Bd4 Nc4 17. b3 Nb6 18. c4 Nbd7 19. Nc3 Nc5 20. Nb5 Qf5 21. Ra2 h5 22. Re2 Bf8 23. Kg1 Nh7 24. f4 Nf6 25. Ba1 Rc8 26. Re3 Qd7 27. Rfe1 Qd8 28. Kh2 Qd7 29. Qf3 Qf5 30. Nd4 Qd7 31. f5 g5 32. Nb5 g4 33. Qf4 gxh3 34. Bxh3 Kh7 35. Qh4 Nce4 36. Rxe4 Nxe4 37. Qxh5+ Bh6 38. Qxf7+ 1-0

[Event "EU-ch Rapid (Women)"]
[Site "Monaco"]
[Date "2024.01.13"]
[Round "4"]
[White "Movsesian, Julia"]
[Black "Zvereva, Marija"]
[Result "0-1"]
[WhiteElo "2257"]
[BlackElo "2049"]
[PlyCount "80"]
[EventDate "2024.01.13"]
[EventType "swiss (rapid)"]
[EventRounds "11"]
[EventCountry "MNC"]
[SourceTitle "CBM 218 Extra"]
[Source "ChessBase"]
[SourceDate "2024.03.31"]
[SourceVersion "1"]
[SourceVersionDate "2024.03.31"]
[SourceQuality "1"]

1. e4 c5 2. Nf3 Nc6 3. d4 cxd4 4. Nxd4 e5 5. Nb5 d6 6. N1c3 a6 7. Na3 b5 8. Nd5 Nce7 9. c4 Nxd5 10. exd5 b4 11. Nc2 a5 12. Bd3 f5 13. 0-0 Nf6 14. f3 g6 15. b3 Bg7 16. Bb2 0-0 17. f4 Qb6+ 18. Kh1 Ng4 19. fxe5 Nf2+ 20. Rxf2 Qxf2 21. Bd4 Qh4 22. g3 Qe7 23. e6 Bb7 24. Qe2 Rae8 25. Re1 f4 26. Be4 Qg5 27. Bxg7 Kxg7 28. Kg2 Rxe6 29. Nd4 Ree8 30. Ne6+ Rxe6 31. dxe6 f3+ 32. Bxf3 Bxf3+ 33. Qxf3 Rxf3 34. Kxf3 Qf5+ 35. Kg2 Qc2+ 36. Kf1 Kf8 37. Re2 Qd1+ 38. Kf2 Ke7 39. Re1 Qd4+ 40. Kf1 a4 0-1

[Event "EU-ch Blitz (Women)"]
[Site "Monaco"]
[Date "2024.01.12"]
[Round "4"]
[White "Sivanandan, Bodhana"]
[Black "Movsesian, Julia"]
[Result "1/2-1/2"]
[WhiteElo "1856"]
[BlackElo "2257"]
[PlyCount "169"]
[EventDate "2024.01.12"]
[EventType "swiss (blitz)"]
[EventRounds "13"]
[EventCountry "MNC"]
[SourceTitle "CBM 218 Extra"]
[Source "ChessBase"]
[SourceDate "2024.03.31"]
[SourceVersion "1"]
[SourceVersionDate "2024.03.31"]
[SourceQuality "1"]

1. e4 e5 2. Nf3 Nc6 3. Nc3 Nf6 4. d4 exd4 5. Nxd4 Bb4 6. Nxc6 bxc6 7. Bd3 d5 8. exd5 0-0 9. 0-0 Bg4 10. Ne2 cxd5 11. c4 Re8 12. Qc2 c6 13. Bg5 h6 14. Bf4 Bd6 15. Bxd6 Qxd6 16. h3 Bxe2 17. Bxe2 Re7 18. Rad1 Rae8 19. Bf3 Qc5 20. b3 Ne4 21. Qd3 dxc4 22. Qxc4 Qb6 23. Qd4 c5 24. Qc4 Qb4 25. Qxb4 cxb4 26. Rd4 a5 27. Rd5 Ng5 28. Bg4 Re5 29. Rfd1 g6 30. h4 Ne4 31. Rxe5 Rxe5 32. Re1 f6 33. Rd1 Nc3 34. Rd8+ Kf7 35. Rd7+ Re7 36. Rd2 f5 37. Bf3 Kf6 38. Rd6+ Re6 39. Rd2 Re1+ 40. Kh2 Ra1 41. Rd6+ Ke5 42. Rxg6 Rxa2 43. Rxh6 Rxf2 44. Ra6 Ra2 45. h5 a4 46. bxa4 Rxa4 47. Rb6 Ne4 48. Rb5+ Kf4 49. h6 Ra7 50. Rxb4 Rh7 51. Rb6 Kg5 52. Bxe4 fxe4 53. Kg3 Rd7 54. Re6 e3 55. Kf3 Rd2 56. g3 e2 57. g4 e1Q 58. Rxe1 Kxh6 59. Re5 Kg6 60. Kf4 Rd4+ 61. Kg3 Rd3+ 62. Kh4 Rd6 63. Rh5 Ra6 64. Re5 Rb6 65. Kg3 Ra6 66. Kf4 Rb6 67. Rf5 Rb4+ 68. Kg3 Rb6 69. Re5 Ra6 70. Re4 Rb6 71. Rf4 Rc6 72. Re4 Rb6 73. Rf4 Rb3+ 74. Rf3 Rxf3+ 75. Kxf3 Kg5 76. Kg3 Kg6 77. Kf4 Kf6 78. g5+ Kg6 79. Kg4 Kg7 80. Kf5 Kf7 81. g6+ Kg7 82. Kg5 Kg8 83. Kf6 Kf8 84. g7+ Kg8 85. Kg6 1/2-1/2

[Event "EU-chT (Women) 24th"]
[Site "Budva"]
[Date "2023.11.15"]
[Round "5.1"]
[White "Sedina, Elena"]
[Black "Movsesian, Julia"]
[Result "1/2-1/2"]
[WhiteElo "2169"]
[BlackElo "2249"]
[PlyCount "60"]
[EventDate "2023.11.11"]
[EventType "team-swiss"]
[EventRounds "9"]
[EventCountry "MNE"]
[SourceTitle "CBM 217 Extra"]
[Source "ChessBase"]
[SourceDate "2024.01.31"]
[SourceVersion "1"]
[SourceVersionDate "2024.01.31"]
[SourceQuality "1"]
[WhiteTeam "Italy (W)"]
[BlackTeam "Czech Republic (W)"]
[WhiteTeamCountry "ITA"]
[BlackTeamCountry "CZE"]

1. e4 e5 2. Nf3 Nc6 3. Nc3 Nf6 4. h3 Bb4 5. Nd5 0-0 6. Nxb4 Nxb4 7. c3 Nc6 8. d3 d5 9. Qc2 a5 10. Be2 Be6 11. Ng5 Bc8 12. exd5 Qxd5 13. Bf3 Qc5 14. Qe2 Bf5 15. Ne4 Nxe4 16. Bxe4 Bxe4 17. dxe4 Nd8 18. a4 Ne6 19. 0-0 Rfd8 20. Be3 Qc6 21. f3 b6 22. Rfd1 Rxd1+ 23. Qxd1 Rd8 24. Qc2 h6 25. Rd1 Rxd1+ 26. Qxd1 Qc4 27. Kf2 Nc5 28. Bxc5 Qxc5+ 29. Ke2 Qc4+ 30. Kf2 Qc5+ 1/2-1/2